00750nam a2200253Ia 4500008004100000020001600041100003000057245002400087245007100111260001500182260002000197260000900217300001700226300002100243300001100264440003100275650004400306650004800350650003500398650002000433650001300453650002200466700000800488160803s9999 xx 000 0 und d a0 590460595 aWarner, Gertrude Chandler 4aThe pizza mystery / ccreated by Gertrude Chandler Warner ; illustrated by Charles Tang. aNew York : bScholastic Inc. c1993 a121 pages :  billustrations ;  c20 cm. aBoxcar children mysteries. aBoxcar children (Fictitious characters) aBoxcar children (Fictitious characters) --  aMystery and detective stories. aRestaurants --  xFiction. xJuvenile fiction. a640